00318nam a2200121Ia 4500008004100000100002200041245004600063260003500109300000900144650001900153942000700172999001700179190216s9999||||xx |||||||||||||| ||und|| aAshok K Srivastav 0aIndia As Described By The Arab Travellers bSahitya Sansar Prakashanc1980 a101p aIndian History cBK c19262d19262